000 00252nam a2200109Ia 4500
008 220204s9999 xx 000 0 und d
082 _a323
_bSHA
100 _aSharma, R
245 0 _aWho after Morarji
260 _aNew Delhi
_bPankaj
_c1978
942 _cBK
999 _c28896
_d28896